000
00337nam a2200133 a 4500
005
20140414131849.0
008
100727s19uu xx 00 eng d
050
_a
M 363.37
_b
D39 2000
100
_a
Demarest, Chris
245
_a
Firefighters.
260
_a
New York :
_b
Scholastic,
_c
2000.
650
_a
Fire prevention
999
_c
110082
_d
110082